| 000 | 01106nam a22003137a 4500 | ||
|---|---|---|---|
| 003 | CHAP | ||
| 005 | 20220329143902.0 | ||
| 008 | 120530s2011 it rn 00010 fre d | ||
| 010 | _a103257 | ||
| 011 | _a104229 | ||
| 035 | _a114919 | ||
| 040 | _cCHAP | ||
| 082 | 0 | 4 |
_a636.089 _bF212f v.38 |
| 110 | 2 |
_aFAO. División de Producción y Sanidad Animal _939525 |
|
| 245 | 1 | 0 |
_aÉradication de la principale malaie du bétail au monde : _bla peste bovina _c/por FAO |
| 260 |
_aRoma : _bFAO, _c2011 |
||
| 300 |
_a71 p. : _bilus., gráfs. |
||
| 490 | 0 |
_aEMPRES. _pBulletin des maladies animales transfrontières _v; 38 |
|
| 590 |
_aBATCH-UPD _b10 _c20130110 _lUCH01 _h0845 |
||
| 590 |
_aCONVERSION _b10 _c20130109 _lUCH01 _h1357 |
||
| 650 | 1 | 4 |
_aGanado _xEnfermedades. _944909 |
| 650 | 1 | 4 |
_aInocuidad alimentaria. _958836 |
| 650 | 1 | 4 |
_aPeste bovina. _987532 |
| 650 | 1 | 4 |
_aSanidad animal. _9102221 |
| 830 | 0 |
_aEMPRES. _pBulletin des maladies animales transfrontières _v; 38 _936591 |
|
| 901 | _aBK | ||
| 942 | _cLIBRO | ||
| 949 |
_a636.089 F212f v.38 _bBC _cFAO _d33724002328314 _eFAO1 _gDonaciØn _h116681 _i114919 _sb |
||
| 999 |
_c103257 _d103257 |
||